000 02073cam a22003974i 4500
003 PE-LiUPU
005 20250731183331.0
008 150617s r 000 0 d
035 _a(Sirsi) a14727
040 _aPE-LiUPU
_bspa
_cPE-LiUPU
_erda
049 _aPRUA
082 0 4 _a784.09285
_bB91
_221
100 1 _aBulnes Mallea, M. Gonzalo,
_eautor.
245 1 0 _aChabuca Granda /
_cM. Gonzalo Bulnes Mallea.
264 1 _aLima :
_bCONCYTEC,
_c1990.
300 _a174 páginas :
_bil. ;
_c21 cm
336 _atext
_2rdacontent
337 _aunmediated
_2rdamedia
338 _avolume
_2rdacarrier
505 0 _aNota del autor. -Agradecimiento. -Su nacimiento. -Viaje apresurado. -Regreso definitivo. -Hacia su barranco querido. -Nuevamente en Lima. -Sus inicios artísticos. -Nace la compositora. -Su matrimonio. -La flor de la canela. -(La asociación Cultural Chabuca Granda). -La muerte de su padre. -Recia personalidad. -Copiosa producción. -Una de las máximas exponentes. -Cada canción con su razón. -"El Sol del Perú" sin la orden. -Anécdotas, comentarios y recuerdos. -Su salud se quebranta. -Su fallecimiento. -Llega a lima. -Hacia su última morada. -Titulares de los diarios limeños. -Conmovió al mundo. -Ella y su obra perdurán. -Demandan al hospital. -Canciones de Chabuca. -Carta de Chabuca por Carmen Sarria.
526 _aP158
526 _aP146
526 _aP17
526 _aP12
526 _aP06
600 1 _aChabuca Granda.
_qMaría Isabel Granda y Larco
_xCanciones
650 0 4 _aCanciones (Criollas)
_zPerú.
650 0 4 _aMúsica popular
_zPerú.
910 _ajck
_bjvq
_cjck
_d20150616
942 _2ddc
_cBOOK
949 _a784.09285 B91
_wDEWEY
_c1
_i32667
_lCCODEBUL1
_mBUL
_p00.00
_r0
_sY
_tBOOK
_u19921021
_xEDUCACION
_zUNKNOWN
_0COMPRA
_o.STAFF. Colección General
994 _aC0
_bPEPRU
596 _a1
999 _a784.09285 B91
_wDEWEY
_c5236
_i32667
_f2021-11-5
_g5
_lCCODEBUL1
_mBUL
_r0
_sY
_tBOOK
_u2015-6-17
_xBIBLIOTECA
_zUNKNOWN
_0COMPRA
_o.STAFF. Colección General
_d5236
980 _81
_gALBERTO SANCHEZ Responsable de Automatización